| Tag |
First Indicator |
Second Indicator |
Subfields |
| LEADER |
00000cam a2200000 a 4500 |
| 001 |
in00001761873 |
| 005 |
20151025051827.0 |
| 008 |
010302s1999 ru b 001 0 rusod |
| 010 |
|
|
|a 2001343971
|
| 020 |
|
|
|a 5819200357
|
| 035 |
|
|
|a (OCoLC)ocm44313956
|
| 040 |
|
|
|a ZCU
|c DLC
|d TXA
|d UtOrBLW
|
| 042 |
|
|
|a lccopycat
|
| 043 |
|
|
|a e-ur---
|
| 049 |
|
|
|a TXAM
|
| 050 |
0 |
0 |
|a Z286.T5
|b K67 1999
|
| 100 |
1 |
|
|a Korolev, D.
|
| 245 |
1 |
0 |
|a Ocherki iz istorii izdanii︠a︡ i rasprostranenii︠a︡ teatralʹnoĭ knigi v Rossii XIX-nachala XX vekov /
|c D.G. Korolev.
|
| 264 |
|
1 |
|a Sankt-Peterburg :
|b Rossiĭskai︠a︡ nat︠s︡ionalʹnai︠a︡ biblioteka,
|c 1999.
|
| 300 |
|
|
|a 328 pages ;
|c 21 cm.
|
| 336 |
|
|
|a text
|b txt
|2 rdacontent
|
| 337 |
|
|
|a unmediated
|b n
|2 rdamedia
|
| 338 |
|
|
|a volume
|b nc
|2 rdacarrier
|
| 504 |
|
|
|a Includes bibliographical references (pages 309-313) and index.
|
| 650 |
|
0 |
|a Theatrical publishing
|z Russia.
|
| 650 |
|
0 |
|a Drama
|x Publishing
|z Russia
|x History
|y 19th century.
|
| 948 |
|
|
|a cataloged
|b h
|c 2003/5/2
|d c
|e spoltoratski
|f 11:04:40 am
|
| 994 |
|
|
|a E0
|b TXA
|
| 999 |
|
|
|a MARS
|
| 999 |
f |
f |
|s 377510af-5537-324b-bf81-e5d29bbce089
|i 103d741a-5285-3a6c-a89a-27e01feb569f
|t 0
|
| 952 |
f |
f |
|p ric
|a Texas A&M University
|b Rellis Campus
|c Joint Library Facility
|d Remote Storage
|t 0
|e Z286.T5 K67 1999
|h Library of Congress classification
|i unmediated -- volume
|m A14830072775
|
| 998 |
f |
f |
|a Z286.T5 K67 1999
|t 0
|l Remote Storage
|